Fundamentals of operating system : (Record no. 26570)

MARC details
000 -LEADER
fixed length control field 01095nam a22002777a 4500
005 - DATE AND TIME OF LATEST TRANSACTION
control field 2009051907047.0
008 - FIXED-LENGTH DATA ELEMENTS--GENERAL INFORMATION
fixed length control field 081120t xxu||||| |||| 00| 0 eng d
010 ## - LCCN (DPL NO)
LC control number ENG-93604
020 ## - INTERNATIONAL STANDARD BOOK NUMBER
International Standard Book Number 9788170564775
Terms of availability 200.00
035 ## - SYSTEM CONTROL NUMBER
System control number EN-77137
037 ## - SOURCE OF ACQUISITION
Source of stock number/acquisition DBAD / PUB
037 ## - SOURCE OF ACQUISITION
Source of stock number/acquisition Priyanka Prakashan
040 ## - CATALOGING SOURCE
Original cataloging agency dpl
Language of cataloging English
082 ## - DEWEY DECIMAL CLASSIFICATION NUMBER
Classification number 005.43
100 ## - MAIN ENTRY--PERSONAL NAME
Personal name Bhatia, Leena
245 ## - TITLE STATEMENT
Title Fundamentals of operating system :
Statement of responsibility, etc by Leena Bhatia, Neha Agarwal [and] Vandana Vijay
Remainder of title (as per syllabus of B.C.A. Part - 1 students of university of Rajasthan, Jaipur) /
260 ## - PUBLICATION, DISTRIBUTION, ETC. (IMPRINT)
Place of publication, distribution, etc Jaipur
Name of publisher, distributor, etc Panchsheel Prakashan
Date of publication, distribution, etc 2009
270 ## - ADDRESS
Address Film Colony, Chaura Rasta,
City Jaipur
Postal code 302003
300 ## - PHYSICAL DESCRIPTION
Extent iv, 264p.
Dimensions 25cm(pbk)
650 ## - SUBJECT ADDED ENTRY--TOPICAL TERM
Topical term or geographic name as entry element Operating system (Computers)
700 ## - ADDED ENTRY--PERSONAL NAME
Personal name Agarwal, Neha
700 ## - ADDED ENTRY--PERSONAL NAME
Personal name Vandana Vijay
942 ## - ADDED ENTRY ELEMENTS (KOHA)
Source of classification or shelving scheme Dewey Decimal Classification
Item type English Books
Call number suffix BHA
Classification part 005.43
Holdings
Withdrawn status Lost status Source of classification or shelving scheme Damaged status Not for loan Collection code Home library Current library Date acquired Source of acquisition Cost, normal purchase price Total Checkouts Full call number Barcode Date last seen Copy number Cost, replacement price Koha item type
    Dewey Decimal Classification   Not For Loan Non-fiction D.B.Act.Division D.B.Act.Division 19/05/2009 DBAD / PUB 200.00   005.43 BHA EN-77137 19/05/2009 1 200.00 English Books

© Delhi Public Library
Hit Counter
free hit counter